000 00261nam a22001217a 4500
008 180807b xxu||||| |||| 00| 0 eng d
082 _a813.52
245 _aNutrition
_cThomson
260 _c2006
300 _a1
_fCD
440 _x0534405681
942 _2ddc
_cMX
999 _c46911
_d46911